History Quiz

Random History or Nation Quiz

Things in the Air and Space Museum Quiz Stats

 Plays Quiz not verified by Sporcle

Score 0/22 Timer 10:00
0 Plays Today
% Correct
World War I
89.2%
Amelia Earhart
85.7%
Apollo 11
85.4%
United Kingdom
85%
Sound Barrier
84.8%
Boeing 747
82.3%
Kitty Hawk
75.5%
John Glenn
73.6%
Spirit of St. Louis
71.8%
Howard Hughes
71.4%
Enola Gay
70.6%
% Correct
Concorde
68.3%
U2
68.2%
Virginia
67.6%
To the Stars
48.8%
Lunar Module
48.2%
Hubble Space Telescope
47.2%
New York and London
46.6%
Discovery
45.5%
Skylab
44.7%
X-15
18.5%
SpaceShipOne
17%

You're not logged in!

Compare scores with friends on all Sporcle quizzes.
OR
Log In

Show Comments

Extras

Top Quizzes Today


Score Distribution

Your Account Isn't Verified!

In order to create a playlist on Sporcle, you need to verify the email address you used during registration. Go to your Sporcle Settings to finish the process.

Report this User

Report this user for behavior that violates our Community Guidelines.

Details: